Statistics for TV Shows By Cast

Click here to take the quiz!

General Stats

  • This quiz has been taken 1,874 times
  • The average score is 13 of 25

Answer Stats

HintAnswer% Correct
Jennifer Aniston, Courteney Cox, Lisa KudrowFriends
92%
Josh Radnor, Jason Segel, Cobie Smulders, Neil Patrick HarrisHow I met your mother
82%
Will Smith, Alfonso Ribeiro, James AveryThe Fresh Prince of Bel-Air
80%
Lisa Edelstein, Jennifer Morrison, Hugh LaurieHouse MD
76%
Ed O'Neill, Sofía Vergara, Julie Bowen, Ty BurrellModern Family
76%
Johnny Galecki, Jim Parsons, Kaley Cuoco, Simon HelbergBig Bang Theory
75%
Lea Michele, Jane Lynch, Matthew Morrison, Cory MonteithGlee
75%
Teri Hatcher, Felicity Huffman, Marcia Cross, Eva Longoria.Desperate House wives
71%
Ellen Pompeo, Sandra Oh, Justin ChambersGrey's Anatomy
68%
Jon Cryer, Ashton Kutcher, Angus T. JonesTwo and a half men
65%
Blake Lively, Leighton Meester, Chace CrawfordGossip Girl
61%
Rainn Wilson, John Krasinski, Jenna FischerThe Office
54%
Holly Marie Combs, Alyssa Milano, Brian Krause, Rose McGowanCharmed
52%
Jon Hamm, Elisabeth Moss, Vincent KartheiserMad men
51%
Lena Headey, Maisie Williams, Emilia Clarke, Aidan GillenGame of thrones
43%
Melissa Joan Hart, Caroline Rhea, Beth Broderick, Nick BakaySabrina the teenage witch
43%
Anna Paquin, Stephen Moyer, Sam TrammellTrue Blood
43%
Jared Padalecki, Jensen Ackles, Jim BeaverSupernatural
42%
Ginnifer Goodwin, Jennifer Morrison, Lana ParrillaOnce Upon a time
39%
Mariska Hargitay, Christopher Meloni, Richard Belzer, Dann FlorekLaw and order SVU
38%
Shemar Moore, Matthew Gray Gubler, Thomas Gibson, Kirsten VangsnessCriminal Minds
37%
Tom Welling, Michael Rosenbaum, Allison Mack, Kristin KreukSmallville
37%
Andrew Lincoln, Jon Bernthal, Sarah Wayne Callies, Laurie HoldenThe walking dead
31%
Nina Dobrev, Paul Wesley, Ian SomerhaldeThe Vampire Diaries
8%
Ayla Kell, Josie Loren, Cassie Scerbo, Peri GilpinMake it or break it
6%

Score Distribution

Percentile by Number Answered

Percent of People with Each Score

Your Score History

You have not taken this quiz